Carta a un niño que nunca nació / (Record no. 33841)
[ view plain ]
| 000 -CABECERA | |
|---|---|
| campo de control de longitud fija | 00602nam a2200193 a 4500 |
| 001 - NÚMERO DE CONTROL | |
| campo de control | 000034350 |
| 005 - FECHA Y HORA DE LA ÚLTIMA TRANSACCIÓN | |
| campo de control | 20200930073643.0 |
| 008 - DATOS DE LONGITUD FIJA--INFORMACIÓN GENERAL | |
| campo de control de longitud fija | 111003s1982 es 000 0 spa d |
| 020 ## - NÚMERO INTERNACIONAL ESTÁNDAR DEL LIBRO | |
| Número Internacional Estándar del Libro | 8427911521 |
| 040 ## - FUENTE DE LA CATALOGACIÓN | |
| Centro catalogador/agencia de origen | DO-SdBNP |
| Lengua de catalogación | spa |
| Centro/agencia transcriptor | BNPHU |
| 049 ## - FONDOS LOCALES (OCLC) | |
| Fondos de biblioteca | BNPD |
| 100 1# - ENTRADA PRINCIPAL--NOMBRE DE PERSONA | |
| Nombre de persona | Fallaci, Oriana |
| 9 (RLIN) | 59775 |
| 240 10 - TÍTULO UNIFORME | |
| Título uniforme | Tít. orig.: |
| Subencabezamiento de forma | Lettera a un bambino mai nato |
| Lenguaje de la obra | italiano |
| 245 10 - MENCIÓN DE TÍTULO | |
| Título | Carta a un niño que nunca nació / |
| Mención de responsabilidad, etc. | Oriana Fallaci ; traducción Atilio Pentimalli. |
| 250 ## - MENCIÓN DE EDICIÓN | |
| Mención de edición | 31a ed. |
| 260 ## - PUBLICACIÓN, DISTRIBUCIÓN, ETC. | |
| Lugar de publicación, distribución, etc. | España : |
| Nombre del editor, distribuidor, etc. | bNoguer, |
| Fecha de publicación, distribución, etc. | 1982. |
| 300 ## - DESCRIPCIÓN FÍSICA | |
| Extensión | 119 p. ; |
| Dimensiones | 23 cm. |
| 700 1# - PUNTO DE ACCESO ADICIONAL--NOMBRE DE PERSONA | |
| Nombre de persona | Pentimalli, Atilio, |
| Término indicativo de función/relación | tr. |
| 9 (RLIN) | 59776 |
| Estado de retiro | Estado de pérdida | Restricciones de uso | No para préstamo | Código de colección | Localización permanente | Ubicación/localización actual | Ubicación en estantería | Fecha de adquisición | Número de inventario | Total de préstamos | Signatura topográfica completa | Código de barras | Fecha visto por última vez | Precio válido a partir de | Tipo de ítem Koha |
|---|---|---|---|---|---|---|---|---|---|---|---|---|---|---|---|
| Excluido de préstamo | Monografías: Libros y Folletos | General | General | En catalogación | 03.10.2011 | LF1 | 34350-10 | 25.06.2020 | 25.06.2020 | No se presta |
